<?xml version="1.0" encoding="UTF-8"?>
<record
    xmlns:xsi="http://www.w3.org/2001/XMLSchema-instance"
    xsi:schemaLocation="http://www.loc.gov/MARC21/slim http://www.loc.gov/standards/marcxml/schema/MARC21slim.xsd"
    xmlns="http://www.loc.gov/MARC21/slim">

  <leader>01588nam0a2200349   4500</leader>
  <controlfield tag="001">RU\NLR\BIBL_A\010458054</controlfield>
  <controlfield tag="005">20250614054500.0</controlfield>
  <datafield tag="010" ind1=" " ind2=" ">
    <subfield code="a">978-5-699-70242-8</subfield>
    <subfield code="9">3000</subfield>
  </datafield>
  <datafield tag="021" ind1=" " ind2=" ">
    <subfield code="a">RU</subfield>
    <subfield code="b">2014-46790</subfield>
    <subfield code="9">2835</subfield>
  </datafield>
  <datafield tag="035" ind1=" " ind2=" ">
    <subfield code="a">(NLR Aleph) 010458054</subfield>
  </datafield>
  <datafield tag="090" ind1=" " ind2=" ">
    <subfield code="a">9960771</subfield>
    <subfield code="c">9960771</subfield>
  </datafield>
  <datafield tag="100" ind1=" " ind2=" ">
    <subfield code="a">20140903d2014    |||y0rusy50      ca</subfield>
  </datafield>
  <datafield tag="101" ind1="1" ind2=" ">
    <subfield code="a">rus</subfield>
    <subfield code="c">eng</subfield>
  </datafield>
  <datafield tag="102" ind1=" " ind2=" ">
    <subfield code="a">RU</subfield>
  </datafield>
  <datafield tag="105" ind1=" " ind2=" ">
    <subfield code="a">a ||z|||000ay</subfield>
  </datafield>
  <datafield tag="200" ind1="1" ind2=" ">
    <subfield code="a">&#x41B;&#x44E;&#x431;&#x43E;&#x432;&#x44C; &#x43D;&#x430; &#x434;&#x435;&#x441;&#x435;&#x440;&#x442;</subfield>
    <subfield code="e">[&#x441;&#x431;&#x43E;&#x440;&#x43D;&#x438;&#x43A; &#x44D;&#x440;&#x43E;&#x442;&#x438;&#x447;&#x435;&#x441;&#x43A;&#x438;&#x445; &#x43D;&#x43E;&#x432;&#x435;&#x43B;&#x43B;</subfield>
    <subfield code="f">&#x43F;&#x435;&#x440;. &#x441; &#x430;&#x43D;&#x433;&#x43B;. &#x41A;. &#x41D;&#x438;&#x43A;&#x438;&#x442;&#x438;&#x43D;&#x43E;&#x439;]</subfield>
  </datafield>
  <datafield tag="210" ind1=" " ind2=" ">
    <subfield code="a">&#x41C;&#x43E;&#x441;&#x43A;&#x432;&#x430;</subfield>
    <subfield code="c">&#x42D;&#x43A;&#x441;&#x43C;&#x43E;</subfield>
    <subfield code="d">2014</subfield>
  </datafield>
  <datafield tag="215" ind1=" " ind2=" ">
    <subfield code="a">315, [1] &#x441;.</subfield>
    <subfield code="c">&#x438;&#x43B;.</subfield>
    <subfield code="d">17</subfield>
  </datafield>
  <datafield tag="225" ind1="1" ind2=" ">
    <subfield code="a">&#x421;&#x435;&#x43A;&#x440;&#x435;&#x442;&#x43D;&#x430;&#x44F; &#x431;&#x438;&#x431;&#x43B;&#x438;&#x43E;&#x442;&#x435;&#x43A;&#x430;</subfield>
  </datafield>
  <datafield tag="327" ind1="1" ind2=" ">
    <subfield code="a">&#x421;&#x43E;&#x434;&#x435;&#x440;&#x436;.: &#x418;&#x433;&#x440;&#x430; / &#x414;&#x436;&#x435;&#x444;&#x444; &#x41A;&#x43E;&#x442;&#x442;. &#x41E;&#x434;&#x438;&#x43D; &#x438;&#x437; &#x43D;&#x430;&#x441; / &#x410;&#x43D;&#x442;&#x43E;&#x43D;&#x438;&#x44F; &#x410;&#x434;&#x430;&#x43C;&#x441;. &#x41B;&#x44E;&#x431;&#x43E;&#x432;&#x44C; &#x43D;&#x430; &#x434;&#x435;&#x441;&#x435;&#x440;&#x442; / &#x421;&#x43E;&#x43C;&#x43C;&#x435;&#x440; &#x41C;&#x430;&#x440;&#x441;&#x434;&#x435;&#x43D;</subfield>
  </datafield>
  <datafield tag="333" ind1=" " ind2=" ">
    <subfield code="a">18+</subfield>
  </datafield>
  <datafield tag="464" ind1=" " ind2="0">
    <subfield code="1">2001#$a&#x418;&#x433;&#x440;&#x430;</subfield>
    <subfield code="1">700#1$a&#x41A;&#x43E;&#x442;&#x442;$b&#x414;.$g&#x414;&#x436;&#x435;&#x444;&#x444;</subfield>
    <subfield code="t">&#x418;&#x433;&#x440;&#x430;</subfield>
    <subfield code="a">&#x41A;&#x43E;&#x442;&#x442;, &#x414;&#x436;&#x435;&#x444;&#x444;</subfield>
  </datafield>
  <datafield tag="464" ind1=" " ind2="0">
    <subfield code="1">2001#$a&#x41E;&#x434;&#x438;&#x43D; &#x438;&#x437; &#x43D;&#x430;&#x441;</subfield>
    <subfield code="1">700#1$a&#x410;&#x434;&#x430;&#x43C;&#x441;$b&#x410;.$g&#x410;&#x43D;&#x442;&#x43E;&#x43D;&#x438;&#x44F;</subfield>
    <subfield code="t">&#x41E;&#x434;&#x438;&#x43D; &#x438;&#x437; &#x43D;&#x430;&#x441;</subfield>
    <subfield code="a">&#x410;&#x434;&#x430;&#x43C;&#x441;, &#x410;&#x43D;&#x442;&#x43E;&#x43D;&#x438;&#x44F;</subfield>
  </datafield>
  <datafield tag="464" ind1=" " ind2="0">
    <subfield code="1">2001#$a&#x41B;&#x44E;&#x431;&#x43E;&#x432;&#x44C; &#x43D;&#x430; &#x434;&#x435;&#x441;&#x435;&#x440;&#x442;</subfield>
    <subfield code="1">700#1$a&#x41C;&#x430;&#x440;&#x441;&#x434;&#x435;&#x43D;$b&#x421;.$g&#x421;&#x43E;&#x43C;&#x43C;&#x435;&#x440;</subfield>
    <subfield code="t">&#x41B;&#x44E;&#x431;&#x43E;&#x432;&#x44C; &#x43D;&#x430; &#x434;&#x435;&#x441;&#x435;&#x440;&#x442;</subfield>
    <subfield code="a">&#x41C;&#x430;&#x440;&#x441;&#x434;&#x435;&#x43D;, &#x421;&#x43E;&#x43C;&#x43C;&#x435;&#x440;</subfield>
  </datafield>
  <datafield tag="606" ind1="1" ind2=" ">
    <subfield code="a">&#x42D;&#x440;&#x43E;&#x442;&#x438;&#x43A;&#x430;</subfield>
    <subfield code="x">&#x432; &#x445;&#x443;&#x434;&#x43E;&#x436;&#x435;&#x441;&#x442;&#x432;&#x435;&#x43D;&#x43D;&#x43E;&#x439; &#x43B;&#x438;&#x442;&#x435;&#x440;&#x430;&#x442;&#x443;&#x440;&#x435;</subfield>
    <subfield code="9">1983626</subfield>
    <subfield code="3">RU\NLR\AUTH\661196074</subfield>
  </datafield>
  <datafield tag="686" ind1="1" ind2=" ">
    <subfield code="a">&#x428;6(0)07-440.5(&#x41B;&#x445;150-80)</subfield>
  </datafield>
  <datafield tag="942" ind1=" " ind2=" ">
    <subfield code="c">BOOK</subfield>
  </datafield>
  <datafield tag="980" ind1=" " ind2=" ">
    <subfield code="a">NB</subfield>
  </datafield>
  <datafield tag="980" ind1=" " ind2=" ">
    <subfield code="a">SUPPRESS</subfield>
  </datafield>
  <datafield tag="995" ind1=" " ind2=" ">
    <subfield code="5">2014-09-03</subfield>
    <subfield code="a">ad</subfield>
    <subfield code="b">NLR01</subfield>
    <subfield code="c">NLR01</subfield>
    <subfield code="e">RF8</subfield>
    <subfield code="f">1-638635</subfield>
    <subfield code="k">2014-2/2737</subfield>
    <subfield code="o">0</subfield>
    <subfield code="r">BOOK</subfield>
    <subfield code="s">201422737_</subfield>
  </datafield>
  <datafield tag="995" ind1=" " ind2=" ">
    <subfield code="5">2014-09-03</subfield>
    <subfield code="a">ad</subfield>
    <subfield code="b">NLR01</subfield>
    <subfield code="c">NLR01</subfield>
    <subfield code="e">RF8</subfield>
    <subfield code="f">1-638636</subfield>
    <subfield code="k">2014-2/2737</subfield>
    <subfield code="o">0</subfield>
    <subfield code="r">BOOK</subfield>
    <subfield code="s">201422737_</subfield>
  </datafield>
</record>
